| 000 | 00801cab a2200253 4500 | ||
|---|---|---|---|
| 001 | ABS43456 | ||
| 008 | 090401t1990 xxu||||| |||| 00| 0 eng d | ||
| 035 | _a(Sirsi) u41804 | ||
| 041 | _aeng | ||
| 100 | _aTolson, S. | ||
| 245 | _aWhose retention is it anyway? | ||
| 260 | _c1990 | ||
| 350 | _a0 | ||
| 490 |
_aChartered Surveyor Weekly _v33(1) 4 October 1990, 72-73(2) |
||
| 520 | _aExamines the history of retention of money cases since 1954. | ||
| 650 | _aBUILT ENVIRONMENT-BUILDING CONTRACT FORMS | ||
| 650 | _aCLAIMS | ||
| 650 | _aHENRY BOOT BUILDING LTD V CROYDON HOTEL AND LEISURE CO LTD | ||
| 650 | _aHSIN CHONG CONSTRUCTION CO V YATON REALTY CO | ||
| 650 | _aRE TOUT AND FINCH LTD | ||
| 690 | _aBUILT ENVIRONMENT-BUILDING CONTRACT FORMS | ||
| 942 | _n0 | ||
| 948 | _c04/03/1997 | ||
| 999 |
_c26838 _d26838 |
||